Countries That Have Gained Independence From The U.K. - Statistics

General Stats
  • This quiz has been taken 92 times
  • The average score is 53 of 62
Answers on the Map
Answers color-coded by a green-red scale on the quiz's map according to % correct below.
 
Answer Stats
Year of Independence Answer % Correct
1901 Australia
99%
1867 Canada
98%
1947 India
98%
1910 South Africa
98%
1907 New Zealand
96%
1922 Ireland
95%
1947 Pakistan
95%
1973 The Bahamas
95%
1776 United States
95%
1963 Kenya
93%
1964 Zambia
93%
1956 Sudan
92%
1980 Zimbabwe
92%
1922 Egypt
91%
1962 Jamaica
91%
1966 Lesotho
91%
1960 Nigeria
91%
1968 Swaziland
89%
1961 Tanzania
89%
1966 Botswana
88%
1970 Fiji
88%
1981 Antigua and Barbuda
87%
1966 Barbados
87%
1957 Ghana
87%
1932 Iraq
87%
1976 Seychelles
87%
1978 Solomon Islands
87%
1948 Sri Lanka
87%
1962 Uganda
87%
1957 Malaysia
86%
1948 Myanmar
86%
1983 Saint Kitts and Nevis
86%
1979 Saint Lucia
86%
1979 Saint Vincent and the Grenadines
86%
1970 Tonga
86%
1978 Tuvalu
86%
1981 Belize
85%
1966 Guyana
85%
1948 Israel
85%
1946 Jordan
85%
1979 Kiribati
85%
1971 Qatar
85%
1964 Malta
84%
1968 Nauru
84%
1971 United Arab Emirates
84%
1980 Vanuatu
84%
1967 Yemen
84%
1964 Malawi
82%
1961 Kuwait
81%
1965 Maldives
81%
1962 Trinidad and Tobago
81%
1978 Dominica
80%
1968 Mauritius
80%
1974 Grenada
79%
1919 Afghanistan
78%
1971 Bahrain
78%
1960 Cyprus
78%
1965 Gambia
78%
1960 Somalia
76%
1961 Sierra Leone
71%
1984 Brunei
60%
1951 Libya
56%
No matching quizzes found
Score Distribution
Percent of People with Each Score
Percentile by Number Answered
Your Score History
You have not taken this quiz